|
|
|
|
| LEADER |
00754cam a2200229 7i4500 |
| 001 |
0000036981 |
| 005 |
20221017090000.0 |
| 008 |
221012t2022 eng |
| 020 |
# |
# |
|a 9781523000623
|
| 040 |
# |
# |
|a MATR
|
| 090 |
0 |
0 |
|a B 658.4
|b BLA
|
| 100 |
1 |
# |
|a Blanchard, Kenneth
|e author
|
| 245 |
1 |
0 |
|a Simple Truths of Leadership :
|b 52 Ways to Be a Servant Leader and Build Trust
|c Ken Blanchard, Randy Conley.
|
| 260 |
# |
# |
|a Oakland, CA:
|b Berrett-Koehler,
|c 2022.
|
| 300 |
# |
# |
|a xi, 162 pages:
|b illustrations;
|c 22 cm.
|
| 336 |
# |
# |
|a text
|2 rdacontent
|
| 337 |
# |
# |
|a unmediated
|2 rdamedia
|
| 338 |
# |
# |
|a volume
|2 rdacarrier
|
| 650 |
# |
0 |
|a Leadership
|
| 650 |
# |
0 |
|a Trust
|
| 700 |
1 |
# |
|a Conley, Randy
|
| 999 |
|
|
|a B000041951
|b Book
|c Book
|e Business Information Centre
|